Modern digital signal processing / (Record no. 182696)
[ view plain ]
| 000 -LEADER | |
|---|---|
| fixed length control field | 00945 a2200205 4500 |
| 003 - CONTROL NUMBER IDENTIFIER | |
| control field | Nust |
| 005 - DATE AND TIME OF LATEST TRANSACTION | |
| control field | 20221212103919.0 |
| 010 ## - LIBRARY OF CONGRESS CONTROL NUMBER | |
| LC control number | 2002117210 |
| 020 ## - INTERNATIONAL STANDARD BOOK NUMBER | |
| International Standard Book Number | 0534400957 |
| 035 ## - SYSTEM CONTROL NUMBER | |
| System control number | (DLC) 2002117210 |
| 040 ## - CATALOGING SOURCE | |
| Transcribing agency | Nust |
| 082 00 - DEWEY DECIMAL CLASSIFICATION NUMBER | |
| Classification number | 621.3822,CRI |
| 100 1# - MAIN ENTRY--PERSONAL NAME | |
| Personal name | Cristi, Roberto. |
| 9 (RLIN) | 104619 |
| 245 10 - TITLE STATEMENT | |
| Title | Modern digital signal processing / |
| Statement of responsibility, etc. | Roberto Cristi. |
| 260 ## - PUBLICATION, DISTRIBUTION, ETC. | |
| Place of publication, distribution, etc. | Pacific Grove, CA : |
| Name of publisher, distributor, etc. | Thomson/Brooks/Cole, |
| Date of publication, distribution, etc. | c2004. |
| 300 ## - PHYSICAL DESCRIPTION | |
| Extent | xiv, 380 p. : |
| Other physical details | ill. ; |
| Dimensions | 25 cm. |
| 505 ## - FORMATTED CONTENTS NOTE | |
| Formatted contents note | Fundamentals of Signals and Systems (Page-1), Discrete Time Processing of Continuous Time Signals (Page-83), Fourier Analysis of Discrete Time Signals (Page-107), Digital Filters (Page-151), Digital Filter Implementations (Page-199), MultiMate Digital Signal Processing Fundamentals (Page-234), DFT Filter Banks and Transmulatiplexers (Page-270), Maximally Decimated Filter Banks (Page-302). |
| 650 #0 - SUBJECT ADDED ENTRY--TOPICAL TERM | |
| Topical term or geographic name entry element | Telecommunication Engineering |
| 942 ## - ADDED ENTRY ELEMENTS (KOHA) | |
| Source of classification or shelving scheme | |
| Koha item type | Book |
| Withdrawn status | Lost status | Source of classification or shelving scheme | Damaged status | Not for loan | Permanent Location | Current Location | Shelving location | Date acquired | Full call number | Barcode | Date last seen | Price effective from | Koha item type | Public note |
|---|---|---|---|---|---|---|---|---|---|---|---|---|---|---|
| Military College of Signals (MCS) | Military College of Signals (MCS) | General Stacks | 12/12/2016 | 621.3822,CRI | MCS30791 | 12/08/2016 | 12/12/2016 | Book | Almirah No.36, Shelf No.3 |
